00965nam a22002657a 45000010005000000030006000050050017000110080041000280200018000690400029000870500016001160820011001321000022001432450064001652500041002292600035002703000045003055050007003505200190003575210018005475210018005656500040005836500040006237000036006637719FISKH20250827131045.0250801b cb ||||| |||| 00| 0 eng d a9781595155535 aFISKHbengcFISKHdFISKH a TJ163 .W49 a 531.6 aWhitehouse, Patty aEnergy everywhere :bContruction forces /cPatty Whitehouse aThis edition first published in 2007 aNorth Mankato :bRourke,c2007 a24 pages :bcolor illustrations ;c21 cm aG  aPhotographs and simple text describe how energy is used at construction sites including how it moves machines, how workers use various tools, and the energy it takes to make trucks go. 8 a350 bLexile 8 aG bRaz-Plus  2Energy consumptiona Building sites 2Power ResourcesaInterstate round 1 aStratford, Nicolasdillustrator